000 00642nam a22001937a 4500
005 20251108164920.0
008 250721s2001 xx 000 0 ara d
082 1 4 _a332.15/بول
100 1 _aبولاك، جاك ج
245 1 0 _aالبنك الدولي و صندوق النقد الدولي :
_bعلامة متغيرة /
264 1 _aالقاهرة :
_bالدار الدولية للإستثمارات،
_c2001.
300 _a97ص
650 1 7 _aالنقود
650 1 7 _aالبنك الدولي
650 1 7 _aصندوق النقد الدولي
700 1 _aمنيب، أحمد
_eترجمة
942 _2ddc
_cBK
999 _c17358
_d17358